Central Library OPAC University of Rajshahi

Industrial wastewater treatment technology / (Record no. 66457)

MARC details
000 -LEADER
fixed length control field 00823nam a2200265 a 4500
001 - CONTROL NUMBER
control field 66457
003 - CONTROL NUMBER IDENTIFIER
rucl marc code BD-RjUL
005 - DATE AND TIME OF LATEST TRANSACTION
control field 20211209081538.0
008 - FIXED-LENGTH DATA ELEMENTS--GENERAL INFORMATION
fixed length control field 170316s1985 us a b 001 0 eng d
020 ## - INTERNATIONAL STANDARD BOOK NUMBER
International Standard Book Number 0409900028
035 ## - SYSTEM CONTROL NUMBER
System control number (BD-RjUL) 66587
040 ## - CATALOGING SOURCE
Original cataloging agency DLC
Transcribing agency DLC
Modifying agency DLC
-- BD-RjUL
Language of cataloging eng
041 ## - LANGUAGE CODE
Language code of text/sound track or separate title eng
082 00 - DEWEY DECIMAL CLASSIFICATION NUMBER
Classification number 628.3
Edition number 23
Author mark and year PAI 1985
100 1# - MAIN ENTRY--PERSONAL NAME
Personal name Patterson, James William
Dates associated with a name 1940-
9 (RLIN) 196676
245 10 - TITLE STATEMENT
Title Industrial wastewater treatment technology /
Statement of responsibility, etc. James W. Patterson.
250 ## - EDITION STATEMENT
Edition statement 2nd ed.
260 ## - PUBLICATION, DISTRIBUTION, ETC. (IMPRINT)
Place of publication, distribution, etc. Boston :
Name of publisher, distributor, etc. Butterworth,
Date of publication, distribution, etc. c1985.
300 ## - PHYSICAL DESCRIPTION
Pagination xii, 467 p. :
Illustrations ill. ;
Size 25 cm.
500 ## - GENERAL NOTE
General note Rev. ed. of: Wastewater treatment technology. c1975.
504 ## - BIBLIOGRAPHY, ETC. NOTE
Bibliography, etc Includes bibliographies and index.
650 #0 - SUBJECT ADDED ENTRY--TOPICAL TERM
Topical term or geographic name as entry element Sewage
General subdivision Purification.
9 (RLIN) 42729
Topical term or geographic name as entry element Water
General subdivision Purification.
9 (RLIN) 196677
942 ## - ADDED ENTRY ELEMENTS (KOHA)
Source of classification or shelving scheme Dewey Decimal Classification
Koha item type Books
Holdings
Lost status Source of classification or shelving scheme Damaged status Not for loan Collection code Permanent Location Current Location Shelving location Date acquired Source of acquisition Cost, normal purchase price Total Checkouts Full call number Date last seen Copy number Koha item type
  Dewey Decimal Classification   Not For Loan Non-fiction Central Library, University of Rajshahi Central Library, University of Rajshahi Reading Room 29/06/1988 British council,Dhaka 46.00   628.3 PAI 1985 16/03/2017 C-1 Books